000 01380nam2a22002411 4500
001 rc\399742
005 20250621134400.0
035 _a(NLR Aleph) 005805514
090 _a5339901
_c5339901
100 _a20030616d1989 |||y0rusy50 ca
101 0 _arus
102 _aRU
105 _aa |||||||||
200 0 _aЧ. 1
210 _d1989
_aБ. м.
215 _a219, [1] с.
_cил.
320 _aБиблиогр. в конце докл.
461 0 _1001rc\399741
_12001#$aАдсорбция и хроматография макромолекул эластомеров$e(Материалы II Всесоюз. семинара по адсорбции и жидкостной хроматографии эластомеров) [8-10 авг. 1988 г.]$eВ 2 т.$f[Ред. совет: Ю.А. Эльтеков (отв. ред.) и др.]$vЧ. 1
_95339895
_cМ.
_d1989-
_f[Ред. совет: Ю.А. Эльтеков (отв. ред.) и др.]
_nЦНИИТЭнефтехим
_o(Материалы II Всесоюз. семинара по адсорбции и жидкостной хроматографии эластомеров) [8-10 авг. 1988 г.] : В 2 т.
_tАдсорбция и хроматография макромолекул эластомеров
_vЧ. 1
801 0 _aRU
_bNLR
_gpsbo
801 1 _aRU
_bELAR
_2rusmarc
852 _aNLR
_j89-3/3335
942 _cBOOK
980 _aNB